Választás Magyarországon
Elmentve itt :
| Szerző: | |
|---|---|
| Adatforrás: | Meister |
| Forrásdokumentuma: | A Hét. - 18 sz., 1998, 5 p. |
| Nyelv: | magyar |
| Kulcsszavak: | politikai publicisztika választások (magyarországi, 1998) Magyarország |
| LEADER | 00404nab a2200145 i 4500 | ||
|---|---|---|---|
| 001 | bibPRO00007458 | ||
| 008 | 060524s1998 xx hun | ||
| 040 | |a Sz1 | ||
| 041 | |a hun | ||
| 100 | 1 | |a FODOR Sándor | |
| 245 | 1 | 0 | |a Választás Magyarországon |c FODOR Sándor |
| 695 | |a politikai publicisztika | ||
| 695 | |a választások (magyarországi, 1998) | ||
| 695 | |a Magyarország | ||
| 773 | 0 | |t A Hét. - |g 18 sz., 1998, 5 p. | |